[Event "RUS-Cup2"]
[Site "Moscow"]
[Date "1996.??.??"]
[Round "5"]
[White "Kremenietsky, Anatoly M"]
[Black "Kazarova, Irina"]
[Result "1-0"]
[WhiteElo "2385"]
[BlackElo "2225"]

1.d4 d5 2.c4 c6 3.Nf3 Nf6 4.Qc2 e6 5.g3 Be7 6.Bg2 O-O 7.O-O Nbd7 8.Nbd2 b6
9.b3 Bb7 10.Bb2 c5 11.Rfd1 Rc8 12.dxc5 Rxc5 13.Bd4 Rc8 14.Qb2 dxc4 15.Nxc4 Bd5
16.Ne3 Bc5 17.Nxd5 Bxd4 18.Nxd4 Nxd5 19.Bxd5 exd5 20.Nf5 Nf6 21.Rxd5 Qc7
22.Rad1 Rfd8 23.Rxd8+ Rxd8 24.Rxd8+ Qxd8 25.Qc2 Kf8 26.Qc6 Qd1+ 27.Kg2 Qd5+
28.Qxd5 Nxd5 29.Kf3 b5 30.Nd4 a6 31.a3 Nc3 32.Nc2 Ke7 33.e4 Na2 34.Ke3 Nc3
35.f3 f6 36.Kd3 Nd1 37.Nd4 a5 38.Nc6+ Kd6 39.Nxa5 Kc7 40.b4 Nb2+ 41.Kd4 Nd1
42.Nb3 Nb2 43.Nd2 Kd6 44.Nb1 Kc6 45.f4 g5 46.fxg5 fxg5 47.Ke5 Nc4+ 48.Kf5 Kd6
49.e5+ Nxe5 50.Nc3 Nf3 51.Nxb5+ Kc6 52.Nc3 Nxh2 53.Kxg5 Nf1 54.g4 Ne3 55.a4 Kb6
56.Kh5 h6 57.Ne4 Nd5 58.Kxh6 Nxb4 59.Nc3 Nc6 60.g5 Ne5  1-0

[Event "Moscow-ch"]
[Site "Moscow"]
[Date "1996.??.??"]
[Round "6"]
[White "Ivliev, Oleg"]
[Black "Zamanov, Ansar M"]
[Result "1-0"]
[WhiteElo "2275"]
[BlackElo "2390"]

1.d4 d5 2.Nf3 Nf6 3.c4 c6 4.g3 Bf5 5.Nc3 e6 6.Qb3 Qb6 7.c5 Qc7 8.Bf4 Qc8
9.Nh4 Bg4 10.h3 Bh5 11.g4 Bg6 12.Bg2 Nbd7 13.Nxg6 hxg6 14.Rc1 Be7 15.Qc2 O-O
16.O-O Re8 17.Bg3 Bd8 18.Bd6 e5 19.dxe5 Nxe5 20.e4 dxe4 21.Nxe4 Nxe4 22.Qxe4 Bc7
23.Rfd1 Nd7 24.Qf4 Nf8 25.h4 Ne6 26.Qg3 Bxd6 27.cxd6 Nf8 28.Bd5 Qd7 29.Bb3 Re4
30.f3 Re2 31.Re1 Rae8 32.Rxe2 Rxe2 33.Rc2 Rxc2 34.Bxc2 Qe6 35.Bb3 Qe3+ 36.Qf2 Qxf2+
37.Kxf2 Nd7 38.Ke3 Kf8 39.g5 Ke8 40.Kd4 Nf8 41.Ke5 b6 42.a3 Nd7+ 43.Kd4 Nc5
44.Bc4 f6 45.Ba2 Kd7 46.Bf7 Ne6+ 47.Ke4 fxg5 48.Ke5 Nf4 49.Bc4 b5 50.Bf1 Nd5
51.hxg5 Nb6 52.Bd3 Nc8 53.Bxg6 Nxd6 54.Bd3 a5 55.f4 Ke7 56.f5 Nf7+ 57.Kf4 Kd6
58.Be2 Ne5 59.Bh5 Nd3+ 60.Ke4 Nc5+ 61.Kd4 Nb3+ 62.Ke3 Ke5 63.f6 gxf6 64.g6 Nd4
65.Bg4 Ne6 66.Bxe6 Kxe6 67.b4 a4 68.Kf4 Ke7 69.Kf5 c5 70.bxc5 b4 71.g7 Kf7  1-0

[Event "Moscow-ch"]
[Site "Moscow"]
[Date "1996.??.??"]
[Round "6"]
[White "Tchernyi, Viktor"]
[Black "Shivokhin, Boris M"]
[Result "1-0"]
[WhiteElo "2355"]
[BlackElo "2150"]

1.d4 d5 2.Nf3 Nf6 3.c4 c6 4.Qc2 e6 5.Nbd2 Nbd7 6.e4 Nxe4 7.Nxe4 dxe4 8.Qxe4 Bb4+
9.Bd2 Bxd2+ 10.Nxd2 O-O 11.O-O-O Re8 12.Bd3 Nf8 13.Kb1 Qc7 14.f4 Bd7 15.c5 b6
16.Nc4 bxc5 17.dxc5 Red8 18.Bc2 Be8 19.Rd6 Rxd6 20.cxd6 Qb7 21.Rd1 Rd8 22.Qd4 f6
23.g4 Bg6 24.f5 e5 25.Qc5 Bf7 26.Na5 Qa6 27.b4 Bd5 28.Rxd5 cxd5 29.Nc6 Rd7
30.Qxd5+  1-0

[Event "RUS-Cup2"]
[Site "Moscow"]
[Date "1996.??.??"]
[Round "6"]
[White "Krivonogov, Alexander"]
[Black "Getmanchuk, Andrei V"]
[Result "1-0"]
[WhiteElo "2310"]
[BlackElo "2155"]

1.Nf3 d5 2.d4 Nf6 3.c4 c6 4.g3 dxc4 5.Bg2 Nbd7 6.O-O g6 7.Na3 c3 8.bxc3 Bg7
9.Nc4 O-O 10.a4 Re8 11.a5 Nd5 12.Qb3 Nc7 13.Bf4 h6 14.Nfe5 Nxe5 15.Nxe5 Bxe5
16.Bxe5 a6 17.Rfd1 e6 18.c4 f6 19.Bf4 g5 20.Bd2 Kg7 21.Bc3 Qe7 22.Rac1 Rd8
23.Bb4 Qf7 24.e4 Ne8 25.Bc5 Bd7 26.e5 Rac8 27.Qe3 f5 28.Rb1 Rb8 29.Rb3 f4
30.Qe4 Kh8 31.gxf4 gxf4 32.Rh3 h5 33.Bf3 Ng7 34.Kh1 Rg8 35.Rg1 Be8 36.Rg5 Rd8
37.Qe2  1-0

[Event "Moscow Alekhine op"]
[Site "Moscow"]
[Date "1996.??.??"]
[Round "8"]
[White "Krivonogov, Alexander"]
[Black "Bezman, Vadim"]
[Result "1/2-1/2"]
[WhiteElo "2250"]
[BlackElo "2365"]

1.c4 Nf6 2.g3 c6 3.Nf3 d5 4.d4 g6 5.Bg2 Bg7 6.O-O O-O 7.Nbd2 Bf5 8.b3 Ne4
9.Bb2 Nd7 10.Nh4 Nxd2 11.Qxd2 Be6 12.cxd5 cxd5 13.Nf3 Nf6 14.Ne5 Qb6 15.Ba3 Rfe8
16.e3 Ne4 17.Qe2 Qa5 18.Bb2 Rac8 19.f3 Nd6 20.Nd3 Bd7 21.a4 Qa6 22.Rac1 b6
23.Qd2 Qb7 24.Ba3 Nf5  1/2-1/2

[Event "JUG-chT"]
[Site "Niksic"]
[Date "1996.??.??"]
[Round "?"]
[White "Sahovic, Dragutin"]
[Black "Pajkovic, Vladimir"]
[Result "1-0"]
[WhiteElo "2415"]
[BlackElo "2420"]

1.d4 d5 2.c4 c6 3.Nf3 Nf6 4.Qc2 dxc4 5.Qxc4 b5 6.Qc2 e6 7.e4 Bb7 8.Bd3 Nbd7
9.O-O Rc8 10.Qe2 Be7 11.Nc3 b4 12.Na4 c5 13.Nxc5 Bxc5 14.dxc5 O-O 15.Rd1 Nxc5
16.Bc2 Qe7 17.e5 Bxf3 18.gxf3 Nd5 19.f4 Rfd8 20.Bd2 Qb7 21.f5 exf5 22.Bxf5 Ne6
23.Qg4 Qa6 24.Bh6 g6 25.Be4 Qb5 26.Qg3 Nb6 27.Bd3 Qa5 28.f4 Nc4 29.f5 Nf8
30.e6 Nxb2 31.exf7+  1-0

[Event "JUG-chT"]
[Site "Niksic"]
[Date "1996.??.??"]
[Round "?"]
[White "Drasko, Milan"]
[Black "Nikcevic, Nebojsa"]
[Result "1-0"]
[WhiteElo "2500"]
[BlackElo "2535"]

1.d4 d5 2.c4 c6 3.Nf3 Nf6 4.Qc2 dxc4 5.Qxc4 Bf5 6.Nc3 Nbd7 7.g3 e6 8.Bg2 Be7
9.O-O O-O 10.e3 Ne4 11.Qe2 Qa5 12.Bd2 Nxd2 13.Nxd2 Qb6 14.Nc4 Qa6 15.e4 Bg6
16.Rfd1 Nb6 17.Ne3 Qxe2 18.Nxe2 Rfd8 19.h4 c5 20.e5 cxd4 21.Nxd4 Bc5 22.Nb5 Bxe3
23.fxe3 Nd5 24.Bxd5 exd5 25.Rac1 Rd7 26.Rc5 Kf8 27.Rcxd5 Rxd5 28.Rxd5 Rc8
29.Rd2 Ke7 30.Nxa7 Ra8 31.Nb5 Rxa2 32.Nd6 Ra1+ 33.Kf2 Rh1 34.Kg2 Rc1 35.h5 Bb1
36.Kf3 b6 37.g4 Ke6 38.Rd4 Rf1+ 39.Ke2 Rh1 40.Nc4 b5 41.Rd6+ Ke7 42.Nb6 Rh2+
43.Kf3 Rxb2 44.Nd5+ Ke8 45.g5 Ba2 46.e4 Bxd5 47.exd5 Rb3+ 48.Kf4 Rb4+ 49.Kf5 Rd4
50.g6 hxg6+ 51.hxg6 b4 52.gxf7+ Kxf7 53.Rd7+ Ke8 54.Ke6 Rh4 55.Rxg7 Rh6+
56.Kf5 Rb6 57.d6 b3 58.d7+ Kd8 59.e6 Kc7 60.Rg8  1-0

[Event "JUG-ch op"]
[Site "Nis"]
[Date "1996.??.??"]
[Round "1"]
[White "Damljanovic, Branko"]
[Black "Batricevic, Sasa"]
[Result "1/2-1/2"]
[WhiteElo "2510"]
[BlackElo "2225"]

1.Nf3 d5 2.d4 Nf6 3.c4 c6 4.Qc2 g6 5.Bf4 Bg7 6.e3 O-O 7.Nc3 Na6 8.cxd5 Nb4
9.Qd2 Nbxd5 10.Be5 Qa5 11.Be2 Bg4 12.O-O Rfd8 13.h3 Bf5 14.Nxd5 Qxd5 15.Qb4 Qd7
16.Rfd1 Nd5 17.Qe1 Bh6 18.Bf1 f6 19.Bh2 Be6 20.e4 Nf4 21.b4 Kh8 22.Qc3 g5
23.a4 g4 24.hxg4 Bxg4 25.Bxf4 Bxf4 26.g3 Rg8 27.Bg2 Bh3 28.Ne1 Rg6 29.Rd3 Rag8
30.Rf3 Bc7 31.Kf1 Bxg2+ 32.Kxg2 Qe6 33.Qd3 Rg4 34.d5 Qxe4 35.Qxe4 Rxe4 36.dxc6 Rxb4
37.Nd3 Rb3 38.cxb7 Rxb7 39.Nc5 Rb2 40.Rd1 Rd8 41.Rc1 Rdd2 42.Ne6 Rdc2 43.Rxc2 Rxc2
44.Rb3 Rc6 45.Rb7 Rxe6 46.Rxc7 a6 47.Ra7 f5 48.Kf3 Kg7 49.Ra8 Kf6 50.Rc8 Re4
51.a5 Re5 52.Rc6+ Re6 53.Rc8  1/2-1/2

[Event "ESP-chT"]
[Site "Oropesa del Mar"]
[Date "1996.??.??"]
[Round "8"]
[White "Solana Suarez, Ernesto"]
[Black "Pomes Marcet, Juan"]
[Result "1/2-1/2"]
[WhiteElo "2320"]
[BlackElo "2420"]

1.d4 d5 2.c4 c6 3.Nf3 Nf6 4.Qb3 dxc4 5.Qxc4 Bf5 6.Nc3 e6 7.g3 Nbd7 8.Bg2 Be7
9.O-O O-O 10.e3 Rc8 11.Qe2 h6 12.b3 Nd5 13.Bb2 Bb4 14.Nd1 Be4 15.a3 Be7 16.Bh3 Bf5
17.Bg2 Be4 18.Bh3 Bf5 19.Bg2 Be4  1/2-1/2

[Event "Komercni Banka op"]
[Site "Pardubice"]
[Date "1996.??.??"]
[Round "4"]
[White "Lechtynsky, Jiri"]
[Black "Mudelsee, Manfred"]
[Result "1-0"]
[WhiteElo "2415"]
[BlackElo "2250"]

1.Nf3 d5 2.d4 Nf6 3.c4 c6 4.Qc2 a6 5.Bf4 e6 6.e3 Be7 7.h3 O-O 8.Nc3 Qa5 9.c5 Ne4
10.Bd3 f5 11.a3 Nd7 12.b4 Qd8 13.Na4 g5 14.Bh2 Qe8 15.Ne5 Nef6 16.g4 fxg4
17.hxg4 Rf7 18.Nxf7 Qxf7  1-0

[Event "Komercni Banka op"]
[Site "Pardubice"]
[Date "1996.??.??"]
[Round "5"]
[White "Mlynek, Petr"]
[Black "Mitbreit, Dmitry"]
[Result "0-1"]
[WhiteElo "2150"]
[BlackElo "2270"]

1.d4 d5 2.c4 c6 3.Nf3 Nf6 4.Qc2 g6 5.e3 Bg7 6.Bd3 O-O 7.Nc3 Nbd7 8.O-O Re8
9.cxd5 Nxd5 10.Nxd5 cxd5 11.Bd2 Nf8 12.Rfc1 Qb6 13.a4 a5 14.Bb5 Rd8 15.Qc7 Qxc7
16.Rxc7 Ne6 17.Rc2 Bd7 18.Rac1 Bxb5 19.axb5 Kf8 20.Ne1 Ke8 21.Kf1 Kd7 22.Nd3 b6
23.Rc6 Rdb8 24.b3 Ra7 25.Nb2 Nd8 26.R6c2 e5 27.dxe5 Bxe5 28.Bc3 Bxc3 29.Rxc3 Ke6
30.Na4 Rd7 31.Rc7 Rxc7 32.Rxc7 Kd6 33.Rc3 Rb7 34.Rd3 Ne6 35.Nc3 Nc5 36.Rxd5+ Ke6
37.e4 Nxb3 38.Na4 f5 39.f3 fxe4 40.fxe4 Na1 41.Ke2 Nc2 42.Rd8 Ke5 43.Nc3 Rc7
44.Kd2 Na3 45.Rd5+ Ke6 46.Ne2 Rd7 47.Nf4+ Ke7 48.Kd3 Nxb5 49.Rxd7+ Kxd7 50.Nd5 Kc6
51.Nf6 h5 52.Nd5 Kc5 53.Nf4 a4 54.Nxg6 a3 55.Kc2 Kb4 56.Nf4 Nd4+  0-1

[Event "Komercni Banka op"]
[Site "Pardubice"]
[Date "1996.??.??"]
[Round "5"]
[White "Vokac, Marek"]
[Black "Sergeev, Vladimir"]
[Result "0-1"]
[WhiteElo "2470"]
[BlackElo "2435"]

1.Nf3 Nf6 2.c4 c6 3.d4 d5 4.Qc2 g6 5.Nc3 dxc4 6.e4 b5 7.Be2 Bg7 8.O-O O-O
9.h3 Be6 10.Be3 h6 11.Rad1 Qa5 12.a3 Rd8 13.Qc1 Kh7 14.Ne5 Nfd7 15.f4 Nxe5
16.dxe5 Rxd1 17.Bxd1 Bd7 18.f5 Na6 19.e6 Be8 20.exf7 Bxf7 21.Ne2 Qc7 22.fxg6+ Bxg6
23.Nf4 Qe5 24.Nxg6 Kxg6 25.b3 Qb2 26.bxc4 Qxc1 27.Bxc1 Bd4+ 28.Kh1 b4 29.axb4 Nxb4
30.Rf5 a5 31.Bh5+ Kg7 32.Rf7+ Kh8 33.Rxe7 a4 34.Ba3 Nc2 35.Rd7 c5 36.Bc1 a3
37.Bxa3 Rxa3 38.h4 Ne3 39.Re7 Nxc4 40.g4 Ra2 41.g5 hxg5 42.hxg5 Rf2 43.Re8+ Kg7
44.Re7+ Kg8 45.Re8+ Rf8 46.Re6 Rf1+ 47.Kh2 Ne5 48.g6 c4 49.Re8+ Rf8 50.Re7 Rc8
51.Bd1 Rc6 52.g7 Rg6 53.Kh3 Rxg7 54.Rxg7+ Kxg7 55.Kg2 Kf6 56.Kf1 Ke7 57.Ke2 c3
58.Bb3 Kd6 59.Kd1 Nd3 60.e5+ Kxe5 61.Bg8 Nb4 62.Bh7 Be3 63.Bg6 Bh6 64.Bh7 Kd4
65.Bg6 Kc5 66.Bh7 Kb5 67.Bg6 Ka4 68.Bh7 Ka3 69.Bg6 Kb2 70.Bh7 c2+ 71.Bxc2 Nxc2
72.Ke2 Kc3 73.Kf3 Kd4 74.Ke2 Be3 75.Kf3 Ne1+ 76.Ke2 Nd3 77.Kf3 Ne5+ 78.Kg2 Ke4
79.Kg3 Bd4 80.Kg2 Kf4 81.Kh2 Kf3 82.Kh1 Bf2 83.Kh2 Nd3 84.Kh1 Bg3 85.Kg1 Nf2
86.Kf1 Bh2 87.Ke1 Ne4 88.Kd1 Be5 89.Kc2 Nc5 90.Kd2 Bd4 91.Ke1 Be3 92.Kf1 Ne4
93.Ke1 Bf2+ 94.Kd1 Ke3 95.Kc2 Kd4 96.Kb3 Be1 97.Kc2 Bc3 98.Kb3 Nc5+ 99.Kc2 Kc4
100.Kc1 Kd3 101.Kd1 Na4 102.Kc1 Nb2 103.Kb1 Kd2 104.Ka1 Kc2 105.Ka2 Bb4 106.Ka1 Nd3  0-1

[Event "Komercni Banka op"]
[Site "Pardubice"]
[Date "1996.??.??"]
[Round "7"]
[White "Konopka, Michal"]
[Black "Mitbreit, Dmitry"]
[Result "1/2-1/2"]
[WhiteElo "2405"]
[BlackElo "2270"]

1.d4 d5 2.Nf3 Nf6 3.c4 c6 4.Qb3 e6 5.g3 Bd6 6.Bg2 Nbd7 7.Nc3 O-O 8.O-O Re8
9.Rd1 h6 10.Nd2 Bc7 11.h3 Qe7 12.e4 dxe4 13.Ndxe4 Nxe4 14.Nxe4 Nf6 15.Re1 Rd8
16.Qc3 Bb6 17.Be3 Nxe4 18.Bxe4 e5 19.c5 Bc7 20.Bg2 Qf6 21.Rad1 Be6 22.Qb4 Rdb8
23.dxe5 Bxe5 24.Bd4 a5 25.Bxe5 Qxe5 26.Rxe5 axb4 27.Rd4 Rxa2 28.Rxb4 Rd8
29.Rxb7 Rd1+ 30.Kh2 Rd2 31.Rb8+ Kh7 32.Be4+ g6 33.Kg2 Raxb2 34.Rxb2 Rxb2
35.Bxc6 Kg7 36.Bf3 Rc2 37.c6 Kf6 38.Re3 Rc5 39.h4 Rc1 40.Ra3 Ke5 41.Ra5+ Kf6
42.h5 g5 43.g4 Rc4 44.Kg3 Rc3 45.Kg2 Rc4 46.Kh3 Rc3 47.Kg3 Ke7 48.Ra7+ Kf6
49.Ra6 Ke7 50.Ra5 Kf6 51.Rb5 Ke7 52.Rb7+ Kf6 53.Rb6 Ke7 54.Kg2 Rc4 55.Kg3 Rc3
56.Rb5 Kf6 57.Kg2 Rc4 58.Kg3 Rc3 59.Kg2 Rc4 60.Kh3 Rc3 61.Kg3 Ke7 62.Ra5 Kf6
63.Kg2 Rc4 64.Ra8 Bxg4 65.Bxg4 Rxg4+ 66.Kf1 Rc4 67.Rh8 Kg7 68.Rc8  1/2-1/2

[Event "Komercni Banka op"]
[Site "Pardubice"]
[Date "1996.??.??"]
[Round "7"]
[White "Gorbatow, Alexej"]
[Black "Keitlinghaus, Ludger"]
[Result "1/2-1/2"]
[WhiteElo "2415"]
[BlackElo "2515"]

1.d4 d5 2.c4 c6 3.Nf3 Nf6 4.Qc2 dxc4 5.Qxc4 Bf5 6.Nc3 e6 7.g3 Nbd7 8.Bg2 Be7
9.O-O O-O 10.a4 a5 11.Nh4 Bg4 12.h3 Bh5 13.g4 Nd5 14.gxh5 Bxh4 15.e4 Nb4
16.Qe2 Kh8 17.d5 Qe7 18.Be3 exd5 19.exd5 Nxd5 20.Nxd5 cxd5 21.Bxd5 Bg5 22.Bxb7 Rab8
23.Bc6 Nf6 24.Bb5 Bxe3 25.Qxe3 Qb4 26.h6 Rg8 27.Qe5 Rb6 28.Rad1 gxh6+ 29.Kh1 Qh4
30.Rd3 Re6 31.Qc3 Qe4+ 32.Rf3 Rg5 33.Kh2 Kg8 34.Bc4 Nd5 35.Qd3 Qe5+ 36.Rg3 Nf4
37.Qe3 Rxg3 38.Qxg3+ Rg6 39.Qf3 Kg7 40.Kh1 Qg5 41.Re1 h5 42.b3 Qh4 43.Bf1 Qg5
44.Bc4 Qh4 45.Bf1  1/2-1/2

[Event "Komercni Banka op"]
[Site "Pardubice"]
[Date "1996.??.??"]
[Round "8"]
[White "Sergeev, Vladimir"]
[Black "Rapoport, Igor"]
[Result "1-0"]
[WhiteElo "2435"]
[BlackElo "2300"]

1.Nf3 d5 2.d4 c6 3.c4 Nf6 4.Qc2 dxc4 5.Qxc4 Bf5 6.Nc3 Nbd7 7.g3 e6 8.Bg2 Be7
9.O-O O-O 10.Re1 Ne4 11.Bf4 Nxc3 12.bxc3 Be4 13.Qb3 Nb6 14.Rac1 c5 15.a4 cxd4
16.cxd4 Qd5 17.Qxd5 Nxd5 18.Ne5 Bxg2 19.Kxg2 Nxf4+ 20.gxf4 Bd6 21.Nd3 Rac8
22.Kf3 Ba3 23.Rb1 b6 24.a5 bxa5 25.Rb7 Rfd8 26.e3 Rc3 27.Ne5 f6 28.Nd7 Bd6
29.Rxa7 Bc7 30.Nc5 Bb6 31.Nxe6 Bxa7 32.Nxd8 Bxd4 33.Rb1 Bc5 34.Rb7 Bb4 35.Ne6 g6
36.f5 gxf5 37.Rg7+ Kh8 38.Rf7 Kg8 39.Rg7+ Kh8 40.Ra7 Kg8 41.Nd4 Rc8 42.Kf4 Bc3
43.Nxf5 Be5+ 44.Ke4 Bxh2 45.f4 Kf8 46.Rxh7 Bg1 47.Nd4 Kg8 48.Rh1 f5+ 49.Kf3 Rc1
50.Rh6 Rf1+ 51.Ke2 Ra1 52.Nxf5 a4 53.Ra6 a3 54.Nd4 Ra2+ 55.Kd3 Kf7 56.Nb5 Bf2
57.Rxa3 Rb2 58.Nd6+ Ke6 59.Nc4 Rb1 60.Nd2 Rb8 61.Nf3 Kf5 62.Ra5+ Kg4 63.Ke4 Rb4+
64.Nd4 Bh4 65.Ra6 Rb8 66.Rg6+ Kh5 67.Rg2 Re8+ 68.Kf3 Bf6 69.Nf5 Ra8 70.Rg1 Ra4
71.Ng3+ Kh6 72.Ne4 Be7 73.Nc3 Rc4 74.Nd5 Bd6 75.Rg8 Ba3 76.Rg2 Bd6 77.f5 Be5
78.Rg6+ Kh7 79.Nf6+  1-0

[Event "Komercni Banka op"]
[Site "Pardubice"]
[Date "1996.??.??"]
[Round "9"]
[White "Plischki, Sebastian"]
[Black "Vavra, Pavel"]
[Result "0-1"]
[WhiteElo "2255"]
[BlackElo "2375"]

1.d4 d5 2.c4 c6 3.Nf3 dxc4 4.e3 b5 5.a4 e6 6.axb5 cxb5 7.b3 Bb4+ 8.Bd2 Bxd2+
9.Nbxd2 a5 10.bxc4 b4 11.c5 Nf6 12.Bb5+ Bd7 13.Qa4 O-O 14.Bxd7 Nbxd7 15.Nc4 Ne4
16.Nxa5 Ndxc5 17.dxc5 Qd3 18.Qd1 Qc3+ 19.Kf1 Qxc5 20.Nb3 Qc4+ 21.Ke1 Qc3+
22.Kf1 Qb2  0-1

[Event "Petah Tiqwa"]
[Site "Petah Tiqwa"]
[Date "1996.??.??"]
[Round "1"]
[White "Peker, Oleg"]
[Black "Botvinnik, Ilia"]
[Result "1/2-1/2"]
[WhiteElo "2365"]
[BlackElo "2350"]

1.d4 d5 2.c4 c6 3.Nf3 Nf6 4.Qc2 g6 5.Bf4 dxc4 6.Qxc4 Bg7 7.e3 Qb6 8.Qc1 c5
9.dxc5 Qb4+ 10.Nc3 O-O 11.a3 Qxc5 12.Nb5 Qxc1+ 13.Rxc1 Nc6 14.Nc7  1/2-1/2

[Event "Petah Tiqwa"]
[Site "Petah Tiqwa"]
[Date "1996.??.??"]
[Round "6"]
[White "Peker, Oleg"]
[Black "Rotman, Daniel"]
[Result "1/2-1/2"]
[WhiteElo "2365"]
[BlackElo "2345"]

1.d4 d5 2.c4 c6 3.Nf3 Nf6 4.Qc2 dxc4 5.Qxc4 Bf5 6.g3 e6 7.Bg2 Nbd7 8.O-O Nb6
9.Qb3 Qd5 10.Nbd2 Be7 11.a4 Qxb3 12.Nxb3 Be4 13.a5 Nbd5 14.Nbd2 a6 15.Nxe4 Nxe4
16.Ne5 Nd6 17.Bd2 Nb5 18.e3 O-O 19.Rfc1 Rad8 20.Nd3 g6 21.Nc5 Bxc5 22.Rxc5 f5
23.Re1 Rf7 24.Bf1 Nf6 25.f3 Nc7 26.Rc3 Kg7 27.Rb3 Nb5 28.Bb4 Nd6 29.Bc5 g5
30.Bxd6 Rxd6 31.Bc4 Re7 32.Rd3 Nd5 33.e4 fxe4 34.fxe4 Nc7 35.e5  1/2-1/2

[Event "Portoroz"]
[Site "Portoroz"]
[Date "1996.??.??"]
[Round "?"]
[White "Rudolph, Johannes"]
[Black "Gaspar, Zoltan"]
[Result "1-0"]
[WhiteElo "2160"]
[BlackElo "2210"]

1.d4 c6 2.Nf3 d5 3.c4 dxc4 4.e3 b5 5.a4 Nf6 6.axb5 cxb5 7.Nc3 b4 8.Qa4+ Qd7
9.Nb5 Nc6 10.Ne5 Nxe5 11.dxe5 Nd5 12.e4 Rb8 13.exd5 Qxb5 14.Bxc4 Qxa4 15.Rxa4 a6
16.O-O g6 17.Bd2 Bg7 18.Re1 b3 19.Rb4 Ra8 20.Rxb3 O-O 21.f4 Rd8 22.Ba5 Rd7
23.g3 Bb7 24.d6 Rc8 25.Bxf7+ Kh8 26.Be6 Bc6 27.dxe7 Re8 28.Bxd7 Bxd7 29.Rd1 Bb5
30.Rxb5  1-0

[Event "Portoroz"]
[Site "Portoroz"]
[Date "1996.??.??"]
[Round "?"]
[White "Novikov, Igor A"]
[Black "Doric, Nenad"]
[Result "1-0"]
[WhiteElo "2590"]
[BlackElo "2320"]

1.d4 d5 2.c4 c6 3.Nf3 dxc4 4.e3 b5 5.a4 e6 6.axb5 cxb5 7.b3 Bb4+ 8.Bd2 Bxd2+
9.Nbxd2 a5 10.bxc4 b4 11.Ne5 Nf6 12.Qa4+ Bd7 13.Nxd7 Qxd7 14.Be2 O-O 15.O-O Qc7
16.Bf3 Ra7 17.Rfb1 Ra6 18.Nb3 e5 19.Qb5 exd4 20.exd4 Rd8 21.d5 a4 22.Nd2 Ra5
23.Qxb4 Na6 24.Qa3 Nc5 25.Qc3 Nfd7 26.Re1 Nf6 27.Re3 Ra7 28.Qa3 Qa5 29.Rb1 Nfd7
30.Rb2 Qc7 31.h3 h6 32.Rb5 Rb8 33.Qb4 Rxb5 34.cxb5 Qa5 35.Re8+ Kh7 36.Be4+ g6
37.Qd4 f6 38.Bxg6+  1-0

[Event "CZE-ch U18"]
[Site "Prague"]
[Date "1996.??.??"]
[Round "3"]
[White "Jirka, Jiri"]
[Black "Juptner, J."]
[Result "1-0"]
[WhiteElo "1940"]
[BlackElo "1850"]

1.Nf3 Nf6 2.g3 d5 3.d4 c6 4.c4 e6 5.Bg2 Nbd7 6.O-O Be7 7.Nc3 a6 8.a4 O-O
9.Ne5 Nxe5 10.dxe5 Nd7 11.f4 f6 12.exf6 Bxf6 13.Kh1 d4 14.Ne4 c5 15.f5 exf5
16.Rxf5 Ne5 17.Nxf6+ gxf6 18.Bd5+ Kh8 19.Rh5 Bg4 20.Rh6 d3 21.Qd2 dxe2 22.Rxh7+  1-0

[Event "Helma op"]
[Site "Pribram"]
[Date "1996.??.??"]
[Round "?"]
[White "Lechtynsky, Jiri"]
[Black "Trmal, Jaroslav"]
[Result "1-0"]
[WhiteElo "2440"]
[BlackElo "2215"]

1.Nf3 Nf6 2.c4 c6 3.d4 d5 4.Qc2 Bg4 5.Nbd2 e6 6.e3 Bf5 7.Bd3 Bxd3 8.Qxd3 Be7
9.O-O O-O 10.b3 Nbd7 11.Bb2 Rc8 12.e4 dxe4 13.Nxe4 Nxe4 14.Qxe4 Bf6 15.Rad1 Qa5
16.Qc2 Rfd8 17.Rfe1 Nf8 18.Ne5 Rd6 19.Bc3 Qc7 20.Ng4 Be7 21.Qe2 f6 22.Ne3 Rcd8
23.g3 R6d7 24.a4 a6 25.a5 Qb8 26.Qc2 Bd6 27.b4 Re7 28.Kg2 Ree8 29.Rb1 e5
30.d5 cxd5 31.Nxd5 Ne6 32.Qf5 Kf7 33.Red1 Nc7 34.Nb6 Bf8 35.h4 Rxd1 36.Rxd1 Rd8
37.Rd7+ Rxd7 38.Qxd7+ Be7 39.Nc8  1-0

[Event "Helma op"]
[Site "Pribram"]
[Date "1996.??.??"]
[Round "?"]
[White "Lechtynsky, Jiri"]
[Black "Turner, Jan"]
[Result "1-0"]
[WhiteElo "2440"]
[BlackElo "2270"]

1.Nf3 d5 2.d4 c6 3.c4 Nf6 4.Qc2 g6 5.e3 Bg7 6.Bd3 O-O 7.O-O Nbd7 8.Nc3 dxc4
9.Bxc4 Nb6 10.Be2 Qc7 11.b3 Nbd5 12.Nxd5 Nxd5 13.Bb2 Be6 14.Ng5 Bd7 15.Bf3 Rac8
16.Rfc1 Qd8 17.Ne4 Bf5 18.Qd2 b6 19.Rc4 Qd7 20.Ng3 Be6 21.Rac1 Rc7 22.e4 Nf6
23.d5 Bg4 24.Bxg4 Nxg4 25.Bxg7 Kxg7 26.Qc3+ f6 27.Rxc6 Rxc6 28.Qxc6 Rd8 29.h3 Ne5
30.Qxd7 Rxd7 31.Kf1 Nd3 32.Rc3 Nc5 33.b4 Na4 34.Rc6 h5 35.f3 h4 36.Ne2 Nb2
37.Nf4 g5 38.Ne6+ Kf7 39.Ke2 b5 40.Rc8 a5 41.bxa5 Ra7 42.Nd8+ Kg7 43.Nc6 Rd7
44.Rb8 Na4 45.Kd2 e6 46.Rxb5 exd5 47.exd5 Kg6 48.Kc2  1-0

[Event "Reykjavik op"]
[Site "Reykjavik"]
[Date "1996.??.??"]
[Round "8"]
[White "Gretarsson, Helgi Ass"]
[Black "Hector, Jonny"]
[Result "0-1"]
[WhiteElo "2450"]
[BlackElo "2520"]

1.d4 d5 2.Nf3 Nf6 3.c4 c6 4.Qc2 e6 5.g3 dxc4 6.Qxc4 b5 7.Qc2 Bb7 8.Bg2 Nbd7
9.a4 c5 10.axb5 cxd4 11.O-O Bc5 12.Qd2 e5 13.Qg5 h6 14.Qf5 Be4 15.Qh3 Bd5
16.Bg5 e4 17.Nfd2 O-O 18.Bxf6 Nxf6 19.Na3 e3 20.fxe3 d3 21.Ndc4 dxe2 22.Rfe1 Rc8
23.Rxe2 Bxc4 24.Nxc4 Qd3  0-1

[Event "EU-ch U18"]
[Site "Rimavska Sobota"]
[Date "1996.??.??"]
[Round "7"]
[White "Mchedlishvili, Mikheil"]
[Black "Rabinovich, Alexander"]
[Result "0-1"]
[WhiteElo "2370"]
[BlackElo "2295"]

1.d4 d5 2.c4 c6 3.Nf3 dxc4 4.a4 e6 5.Nc3 Bb4 6.e3 b5 7.Bd2 a5 8.axb5 Bxc3
9.Bxc3 cxb5 10.b3 Bb7 11.bxc4 b4 12.Bb2 Nf6 13.Bd3 O-O 14.O-O Nbd7 15.Re1 Qc7
16.e4 e5 17.Nxe5 Nxe5 18.dxe5 Nd7 19.Qh5 Nc5 20.Re3 Rfd8 21.Bc2 Rd2 22.Rh3 h6
23.e6 Nxe6 24.Be5 Qc5 25.Rf3 g6 26.Rg3 Qxf2+  0-1

[Event "San Roque"]
[Site "San Roque"]
[Date "1996.??.??"]
[Round "3"]
[White "Izeta Txabarri, Felix"]
[Black "Gulko, Boris F"]
[Result "1/2-1/2"]
[WhiteElo "2470"]
[BlackElo "2615"]

1.d4 d5 2.c4 c6 3.Nf3 dxc4 4.e3 b5 5.a4 e6 6.b3 Bb4+ 7.Bd2 Bxd2+ 8.Nfxd2 cxb3
9.axb5 b2 10.Ra2 Ne7 11.Rxb2 O-O 12.Qc2 cxb5 13.Bxb5 Ba6 14.Bxa6 Nxa6 15.O-O Rb8
16.Rxb8 Nxb8 17.Na3 Nbc6 18.Nac4 h6 19.Ra1 Qd5 20.h3 Rb8 21.Nf3 Rc8 22.Ra4 Na5
23.Nfd2 Nxc4 24.Rxc4 Rxc4 25.Nxc4 Nc6 26.Qa4 g5 27.Nd2 e5  1/2-1/2

[Event "Savonlinna op"]
[Site "Savonlinna"]
[Date "1996.??.??"]
[Round "?"]
[White "Jouhki, Yrjo Markus"]
[Black "Salmensuu, Olli"]
[Result "1-0"]
[WhiteElo "2245"]
[BlackElo "2280"]

1.Nf3 d5 2.d4 Nf6 3.c4 c6 4.g3 Bf5 5.Nbd2 e6 6.Bg2 Nbd7 7.O-O Be7 8.b3 O-O
9.Bb2 Ne4 10.Ne1 Nxd2 11.Qxd2 Re8 12.Nd3 Bf6 13.Rac1 Rc8 14.Rfe1 b6 15.e4 dxe4
16.Bxe4 Bxe4 17.Rxe4 c5 18.Rd1 Qc7 19.dxc5 Bxb2 20.Qxb2 Nxc5 21.Nxc5 bxc5
22.Re2 Red8 23.Red2 Qa5 24.Qc3 Rxd2 25.Qxd2 Qc7 26.Qd6 h5 27.Qxc7 Rxc7 28.Rd8+ Kh7
29.Kf1 Kg6 30.Ke2 Kf5 31.h3 g5 32.Rh8 Rc6 33.Rxh5 Ra6 34.h4 Ke4 35.a4 Rb6
36.Rxg5 Rxb3 37.f3+ Kd4 38.Rg4+ Ke5 39.h5 Rb2+ 40.Ke3 Rb3+ 41.Kf2 Rb2+ 42.Kg1 f5
43.Rh4 Rb7 44.h6 Rh7 45.Kf2 Kf6 46.Ke3 Kg5 47.Rh1 e5 48.g4 e4 49.gxf5 exf3
50.Kxf3 Kxf5 51.Rh2 Rb7 52.h7 Rb3+ 53.Kg2 Rb2+ 54.Kg3 Rb3+ 55.Kh4 Rb8 56.Kh5 a5
57.Rg2 Rh8 58.Kh6 Ke4 59.Kg7 Rc8 60.h8=Q Rxh8 61.Kxh8 Kd3 62.Rb2 Kxc4 63.Rb5 Kd4
64.Rxa5 c4 65.Rh5  1-0

[Event "Seefeld op"]
[Site "Seefeld"]
[Date "1996.??.??"]
[Round "?"]
[White "Ballon, Guenther Jan"]
[Black "Wiesbeck, Florian"]
[Result "1-0"]
[WhiteElo "2270"]
[BlackElo "1825"]

1.d4 d5 2.Nf3 Nf6 3.c4 c6 4.Qc2 Nbd7 5.e3 e6 6.Nbd2 Bd6 7.b3 e5 8.cxd5 cxd5
9.dxe5 Nxe5 10.Bb2 Nxf3+ 11.Nxf3 O-O 12.Bd3 Bb4+ 13.Bc3 Qa5 14.Bxb4 Qxb4+
15.Qd2 Qxd2+ 16.Kxd2 Be6 17.Rhc1 Rac8 18.Nd4 Rxc1 19.Rxc1 Rc8 20.Rxc8+ Bxc8
21.Nb5 Be6 22.Nxa7 Ng4 23.f3 Nxh2 24.Ke2 g5 25.Kf2 g4 26.Kg3  1-0

[Event "SLO-chT sf"]
[Site "SLO"]
[Date "1996.??.??"]
[Round "5"]
[White "Truta, Srecko"]
[Black "Kerma, Simon"]
[Result "1-0"]
[WhiteElo "2200"]
[BlackElo "2030"]

1.d4 d5 2.c4 c6 3.Nf3 Nf6 4.Qb3 e6 5.g3 Nbd7 6.Bg2 Qb6 7.O-O Ne4 8.Nbd2 f5
9.e3 Be7 10.Ne1 O-O 11.Nd3 Ndf6 12.f3 Nxd2 13.Bxd2 Bd7 14.Bc3 Qa6 15.Ne5 dxc4
16.Qxc4 Qxc4 17.Nxc4 c5 18.Ne5 Bb5 19.Rfe1 Rfd8 20.a4 Ba6 21.dxc5 Bxc5 22.b4 Nd5
23.bxc5 Nxc3 24.c6 bxc6 25.Nxc6 Rd2 26.Nd4 Rb8 27.Nb5 Nd5 28.Bf1 Rc8 29.e4 Nb4
30.Red1 Rcd8 31.Rxd2 Rxd2 32.Bc4 Bb7 33.Bxe6+ Kf8 34.Bxf5 g6 35.Be6 Ke7 36.Bh3 a5
37.Bf1 Bc6 38.Na3 Kf6 39.Nc4 Ra2 40.Rxa2 Nxa2 41.Nxa5 Bxa4 42.Kf2 Nb4 43.f4 h6
44.Nb7 g5 45.Nc5 Be8 46.e5+ Kg6 47.Ke3 gxf4+ 48.gxf4 Nc2+ 49.Kd2 Nb4 50.Bd3+ Kh5
51.Be4 Kg4 52.Ke3 Na2 53.Bd5 Nc3 54.Be6+ Kh4 55.Ne4 Nd1+ 56.Kd2  1-0

[Event "Zhukov mem"]
[Site "Spasskoe"]
[Date "1996.??.??"]
[Round "6"]
[White "Savon, Vladimir A"]
[Black "Totsky, Leonid"]
[Result "1/2-1/2"]
[WhiteElo "2435"]
[BlackElo "2430"]

1.Nf3 Nf6 2.d4 d5 3.c4 c6 4.Qc2 e6 5.Nbd2 Nbd7 6.g3 Be7 7.Bg2 O-O 8.O-O b6
9.e4 Bb7 10.b3 Rc8 11.Bb2 c5 12.exd5 exd5 13.Qf5 dxc4  1/2-1/2